| 000 | 00363 a2200133 4500 | ||
|---|---|---|---|
| 005 | 20250630090536.0 | ||
| 020 | _a978-9987-9556-1-9 | ||
| 082 | _a657.7 NYA | ||
| 100 | _aNYAGGA, A | ||
| 245 | _aTest Yourself and Pass in Procurement and Materials Management: 100 Questions and Answers | ||
| 260 |
_aDar Es Salaam _c2010. |
||
| 300 |
_a108p _c19cm |
||
| 942 |
_2ddc _cBKS |
||
| 999 |
_c6466 _d6466 |
||